书目信息 |
| 题名: |
计算概论
|
|
| 作者: | 许卓群 , 李文新 , 罗英伟 , 汪小林 编著 | |
| 分册: | ||
| 出版信息: | 北京 清华大学出版社 2009.10 |
|
| 页数: | 350页 | |
| 开本: | 26cm | |
| 丛书名: | 21世纪大学本科计算机专业系列教材 | |
| 单 册: | ||
| 中图分类: | TP3 | |
| 科图分类: | ||
| 主题词: | 电子计算机--dian zi ji suan ji--高等学校--教材 | |
| 电子资源: | ||
| ISBN: | 978-7-302-20967-6 | |
| 000 | 01444nam0 2200325 450 | |
| 001 | 01CN04768716@CSLN | |
| 005 | 20101111165139.53 | |
| 010 | @a978-7-302-20967-6@dCNY33.00 | |
| 100 | @a20101129d2009 em y0chiy50 ea | |
| 101 | 0 | @achi |
| 102 | @aCN@b110000 | |
| 105 | @aa a 000yy | |
| 200 | 1 | @a计算概论@Aji suan gai lun@f许卓群 … [等] 编著 |
| 205 | @a第2版 | |
| 210 | @a北京@c清华大学出版社@d2009.10 | |
| 215 | @a350页@c图@d26cm | |
| 225 | 2 | @a21世纪大学本科计算机专业系列教材@A21 shi ji da xue ben ke ji suan ji zhuan ye xi lie jiao cai |
| 300 | @a普通高等教育"十一五"国家级规划教材 "十一五"国家重点图书 国家精品课程配套教材 | |
| 304 | @a本书编著者还有:李文新,罗英伟,汪小林 | |
| 320 | @a有书目 | |
| 330 | @a内容重点不是放在计算机的具体操作说明上,也不是表面地讲一些技术发展状况,而是在计算机和互联网的基础知识和技术原理上,努力从概念层面作全面清晰的讲解。结合具体的例子,讲解软件和硬件组成的相关概念,以深入浅出的文字说明其工作原理。本书的内容包括4个方面:信息技术发展概貌、计算机互联网技术、计算机的组成原理、程序设计方法。本教材“立足基础、因材施教、强化实践”。 | |
| 410 | 0 | @12001 @a21世纪大学本科计算机专业系列教材 |
| 606 | 0 | @a电子计算机@Adian zi ji suan ji@x高等学校@j教材 |
| 690 | @aTP3@v4 | |
| 701 | 0 | @a许卓群@Axu zhuo qun@4编著 |
| 701 | 0 | @a李文新@Ali wen xin@4编著 |
| 701 | 0 | @a罗英伟@Aluo ying wei@4编著 |
| 701 | 0 | @a汪小林@Awang xiao lin@4编著 |
| 801 | 0 | @aCN@c20101129 |
| 905 | @dTP3@eX910=2 | |
| 计算概论/许卓群 … [等] 编著.-第2版.-北京:清华大学出版社,2009.10 |
| 350页:图;26cm.-(21世纪大学本科计算机专业系列教材) |
| 普通高等教育"十一五"国家级规划教材 "十一五"国家重点图书 国家精品课程配套教材 |
| ISBN 978-7-302-20967-6:CNY33.00 |
| 内容重点不是放在计算机的具体操作说明上,也不是表面地讲一些技术发展状况,而是在计算机和互联网的基础知识和技术原理上,努力从概念层面作全面清晰的讲解。结合具体的例子,讲解软件和硬件组成的相关概念,以深入浅出的文字说明其工作原理。本书的内容包括4个方面:信息技术发展概貌、计算机互联网技术、计算机的组成原理、程序设计方法。本教材“立足基础、因材施教、强化实践”。 |
| ● |
| 相关链接 |
|
|
|
正题名:计算概论
索取号:TP3/X910=2
 
预约/预借
| 序号 | 登录号 | 条形码 | 馆藏地/架位号 | 状态 | 备注 |
| 1 | 1033681 | 210336812 | 自科库301/301自科库 44排3列3层/ [索取号:TP3/X910=2] | 在馆 | |
| 2 | 1033682 | 210336821 | 自科库301/301自科库 44排3列3层/ [索取号:TP3/X910=2] | 在馆 | |
| 3 | 1033683 | 210336830 | 自科二线400A/400A自科库 1排1列6层/ [索取号:TP3/X910=2] | 在馆 |